书目信息 |
| 题名: |
生物信息学导论
|
|
| 作者: | 杜开峰 主编 | |
| 分册: | ||
| 出版信息: | 北京 中国水利水电出版社 2015.01 |
|
| 页数: | 229页 | |
| 开本: | 26cm | |
| 丛书名: | ||
| 单 册: | ||
| 中图分类: | Q811.4 | |
| 科图分类: | ||
| 主题词: | 仿生 | |
| 电子资源: | ||
| ISBN: | 7-5170-2869-3 | |
| 000 | 00555nam0 2200193 450 | |
| 001 | 69 | |
| 005 | 20160905100553.37 | |
| 010 | @a7-5170-2869-3@dCNY49.00 | |
| 100 | @a20160720d2015 km y0chiy0120 ea | |
| 101 | 0 | @achi |
| 102 | @aCN@b110000 | |
| 200 | 1 | @a生物信息学导论@Asheng wu xin xi xue dao lun@f杜开峰主编@Fdu kai feng zhu bian |
| 210 | @a北京@c中国水利水电出版社@d2015.01 | |
| 215 | @a229页@d26cm | |
| 606 | 0 | @a仿生 |
| 690 | @aQ811.4@v4 | |
| 701 | 0 | @a杜开峰@Adu kai feng@4主编 |
| 801 | 0 | @aCN@b唐山师范学院图书馆@c20160720 |
| 905 | @aZUCC@dQ811.4@e181 | |
| 生物信息学导论/杜开峰主编.-北京:中国水利水电出版社,2015.01 |
| 229页;26cm |
| ISBN 7-5170-2869-3:CNY49.00 |
| ● |
| 相关链接 |
|
|
|
|
正题名:生物信息学导论
索取号:Q811.4/181
 
预约/预借
| 序号 | 登录号 | 条形码 | 馆藏地/架位号 | 状态 | 备注 |
| 1 | 900285 | 209002853 | 第二样本阅览室/ [索取号:Q811.4/181] | 在馆 | |
| 2 | 900286 | 209002862 | 第三借阅区/ [索取号:Q811.4/181] | 在馆 | |
| 3 | 900287 | 209002871 | 第三借阅区/ [索取号:Q811.4/181] | 在馆 | |
| 4 | 900288 | 209002880 | 密集书库-生命科学系/ [索取号:Q811.4/181] | 在馆 |